| 000 | 00775nam a2200277 u 4500 | ||
|---|---|---|---|
| 001 | 000055317 | ||
| 005 | 20200120223051.0 | ||
| 008 | 130605s1988 ck er 000 f spa d | ||
| 020 | _a9582800542 | ||
| 041 | 0 |
_a|spa _beng |
|
| 043 | _as-ck--- | ||
| 090 |
_aAN _bJAMP |
||
| 100 | 1 | _aJames, Peter, | |
| 245 | 1 | 0 |
_aPosesión / _cPeter James ; traducción de Joaquín Adsuar. |
| 250 | _a1a. ed. | ||
| 260 |
_aBogotá : _bCírculo de lectores, _c1988. |
||
| 300 | _a332 p. | ||
| 500 | _aTítulo original : Possession | ||
| 650 | 1 | 4 | _aNovela adulto |
| 650 | 2 | 4 | _aLiteratura adulto |
| 650 | 2 | 4 | _aLiteratura inglesa |
| 650 | 2 | 4 | _aMediums en la literatura |
| 650 | 2 | 4 | _aMuerte en la literatura |
| 650 | 2 | 4 | _aExorcismo en la literatura |
| 700 | 1 |
_aAdsuar, Joaquín, _etr. |
|
| 999 |
_c4879 _d4879 |
||